[Event "TCh-TUR 2nd League 2011"]
[Site "Konya TUR"]
[Date "2011.07.07"]
[Round "5"]
[White "Savina, Anastasia"]
[Black "Borekcioglu, Zeynep Dilara"]
[Result "1-0"]
[WhiteTitle "WGM"]
[WhiteElo "2398"]
[BlackElo "1708"]
[WhiteTeam "Kahramanmaras Belediye"]
[BlackTeam "Ceyhan Belediye Adana"]
[WhiteFideId "4196872"]
[BlackFideId "6312233"]
[EventDate "2011.07.04"]

1. d4 d5 2. c4 e6 3. Nc3 c6 4. e3 f5 5. Bd3 Nf6 6. Nge2 Bd6 7. f3 Na6 8. a3 O-O
9. Qc2 Nh5 10. g3 Kh8 11. Bd2 Nc7 12. O-O-O Bd7 13. c5 Be7 14. g4 Nf6 15. gxf5
exf5 16. Ng3 g6 17. h4 Nce8 18. h5 Nxh5 19. Nxh5 gxh5 20. Rxh5 Nf6 21. Rh2 Qc8
22. Rdh1 Rf7 23. Ne2 h5 24. Ng3 Rh7 25. Nxh5 Nxh5 26. Rxh5 Rxh5 27. Rxh5+ Kg7
28. Bxf5 Bxf5 29. Qxf5 Qxf5 30. Rxf5 Rh8 31. Kc2 Rh2 32. Kd3 Bf6 33. Rf4 Rh3 34.
e4 dxe4+ 35. Kxe4 Rh2 36. Bc3 Re2+ 37. Kf5 Re3 38. Rg4+ Kf7 39. f4 Rd3 40. Ke4
Rh3 41. Rg2 Rh1 42. Rg3 Rh4 43. Rg2 Rh3 44. Ba5 Rh1 45. Rd2 Ke6 46. f5+ Ke7 47.
Bc3 Rh4+ 48. Kf3 Bg5 49. Re2+ Kf6 50. d5+ Kxf5 51. Re5+ Kg6 52. dxc6 bxc6 53.
Re6+ Kf7 54. Rxc6 Rf4+ 55. Ke2 Re4+ 56. Kd3 Re7 57. Kc4 Be3 58. b4 Rd7 59. Be5
Rd1 60. Ra6 Rd7 61. Bb8 Rd4+ 62. Kb5 Rd3 63. Rxa7+ Ke6 64. Ra6+ Ke7 65. Bd6+ Kd7
66. Ra7+ Ke6 67. Re7+ Kf5 68. a4 Bg5 69. Re8 Rc3 70. c6 1-0

[Event "TCh-TUR 2nd League 2011"]
[Site "Konya TUR"]
[Date "2011.07.07"]
[Round "5"]
[White "Tasdelen, Deniz Murat"]
[Black "Metin, Oguz"]
[Result "1-0"]
[WhiteElo "2069"]
[BlackElo "2002"]
[WhiteTeam "Ceyhan Belediye Adana"]
[BlackTeam "Kahramanmaras Belediye"]
[WhiteFideId "6305946"]
[BlackFideId "6307850"]
[EventDate "2011.07.04"]

1. e4 c5 2. Nf3 Nc6 3. Bb5 g6 4. c3 Bg7 5. d4 Qb6 6. Bxc6 bxc6 7. dxc5 Qxc5 8.
O-O Nf6 9. Re1 O-O 10. Na3 d6 11. h3 Nd7 12. Be3 Qa5 13. Qd2 Qh5 14. Bd4 f6 15.
c4 Rf7 16. Bc3 Ne5 17. Nxe5 fxe5 18. Qe2 Qh4 19. Rad1 Be6 20. Rd3 Raf8 21. Rf1
g5 22. Be1 g4 23. f4 gxf3 24. Rdxf3 Qh5 25. Qd3 Rxf3 26. Rxf3 Rxf3 27. Qxf3 Qxf3
28. gxf3 Bxh3 29. b4 Bh6 30. Bf2 Bc1 31. Nb1 a6 32. a4 Bd7 33. Kg2 e6 34. a5 Bb2
35. Be3 d5 36. c5 Be8 37. Bd2 Bd4 38. Bc3 Kf7 39. Bxd4 exd4 40. Nd2 Kf6 41. Kg3
h6 42. Kf4 e5+ 43. Kg4 Ke6 44. Kh4 Kf6 45. Kg4 dxe4 46. fxe4 Bg6 47. Kh4 h5 48.
Kg3 Ke6 49. Kh3 d3 50. Kg3 Bf5 1-0

[Event "TCh-TUR 2nd League 2011"]
[Site "Konya TUR"]
[Date "2011.07.07"]
[Round "5"]
[White "Toksoz, Levent"]
[Black "Abasov, Nijat Azad Oglu"]
[Result "0-1"]
[BlackTitle "GM"]
[WhiteElo "1877"]
[BlackElo "2481"]
[WhiteTeam "Kahramanmaras Belediye"]
[BlackTeam "Ceyhan Belediye Adana"]
[WhiteFideId "6313213"]
[BlackFideId "13402960"]
[EventDate "2011.07.04"]

1. e4 Nf6 2. e5 Nd5 3. c4 Nb6 4. d4 d6 5. exd6 exd6 6. h3 Be7 7. Nf3 O-O 8. Bd3
Nc6 9. O-O Bf6 10. Be3 Nb4 11. Nc3 Nxd3 12. Qxd3 Re8 13. Nd5 Nxd5 14. cxd5 b6
15. Nh2 Bb7 16. Qf5 g6 17. Qf3 Bg7 18. Rac1 f5 19. Rfd1 Qd7 20. Rc3 Qf7 21. Rdc1
Bxd5 22. Qd1 c5 23. Rd3 c4 24. Ra3 b5 25. b4 cxb3 26. axb3 a5 27. Rca1 a4 28.
bxa4 b4 0-1

[Event "TCh-TUR 2nd League 2011"]
[Site "Konya TUR"]
[Date "2011.07.07"]
[Round "5"]
[White "Jojua, Davit"]
[Black "Tregubov, Pavel V."]
[Result "1-0"]
[WhiteTitle "GM"]
[BlackTitle "GM"]
[WhiteElo "2505"]
[BlackElo "2602"]
[WhiteTeam "Azdur Ordu"]
[BlackTeam "Erbakir Denizli"]
[WhiteFideId "13602543"]
[BlackFideId "4115341"]
[EventDate "2011.07.04"]

1. d4 d5 2. c4 e6 3. Nf3 c6 4. e3 Bd6 5. b3 f5 6. Bd3 Nf6 7. O-O Qe7 8. Bb2 O-O
9. Qc1 b6 10. Ba3 Bb7 11. Bxd6 Qxd6 12. Nc3 Ne4 13. Ne2 Nd7 14. Qb2 a5 15. Rfd1
Qe7 16. a3 c5 17. cxd5 exd5 18. a4 Nd6 19. Rac1 Rae8 20. Qd2 g5 21. dxc5 Nxc5
22. Nfd4 Nde4 23. Qe1 Qf6 24. Bb5 Re7 25. b4 axb4 26. Qxb4 f4 27. f3 fxe3 28.
fxe4 Nxe4 29. Rf1 Nf2 30. Ng3 Re5 31. Rc7 Rf7 32. Rxf7 Qxf7 33. Qd6 Qe7 34. Qb8+
Kf7 35. Ngf5 1-0

[Event "TCh-TUR 2nd League 2011"]
[Site "Konya TUR"]
[Date "2011.07.07"]
[Round "5"]
[White "Karatekin, Tamer"]
[Black "Sivri, Gorkem"]
[Result "1/2-1/2"]
[WhiteTitle "FM"]
[WhiteElo "2263"]
[BlackElo "2207"]
[WhiteTeam "Erbakir Denizli"]
[BlackTeam "Azdur Ordu"]
[WhiteFideId "6301134"]
[BlackFideId "6301266"]
[EventDate "2011.07.04"]

1. c4 f5 2. g3 Nf6 3. Bg2 e5 4. Nc3 Nc6 5. d3 g6 6. Nf3 Bg7 7. O-O O-O 8. Rb1 d6
9. b4 Nh5 10. c5 f4 11. Qb3+ Kh8 12. b5 Nd4 13. Nxd4 exd4 14. Ne4 Bg4 15. cxd6
Bxe2 16. dxc7 Qxc7 17. Re1 Bg4 18. Ba3 f3 19. Bxf8 Rxf8 20. Bh1 Qe5 21. Rbc1 b6
22. Nc5 Qg5 23. Ne4 Qe5 24. Qc4 Bh6 25. Qc7 Qd5 26. Rc6 Qxa2 27. Qd6 Bg7 28. Ng5
Qd2 29. Qe7 Qxd3 30. Rc7 Qxb5 31. h3 d3 32. Nf7+ Kg8 33. Nh6+ Kh8 34. hxg4 d2
35. gxh5 dxe1=Q+ 36. Qxe1 Qe2 37. Qc1 Bxh6 38. Qxh6 Qe1+ 39. Kh2 Qxf2+ 40. Kh3
Qf1+ 41. Kg4 gxh5+ 42. Qxh5 Rg8+ 43. Kf4 Rf8+ 44. Kg4 Rg8+ 1/2-1/2

[Event "TCh-TUR 2nd League 2011"]
[Site "Konya TUR"]
[Date "2011.07.07"]
[Round "5"]
[White "Metin, Mehmet"]
[Black "Miyak, Burak"]
[Result "1-0"]
[WhiteElo "2166"]
[BlackElo "2151"]
[WhiteTeam "Azdur Ordu"]
[BlackTeam "Erbakir Denizli"]
[WhiteFideId "6303730"]
[BlackFideId "6300618"]
[EventDate "2011.07.04"]

1. Nf3 Nf6 2. c4 e6 3. Nc3 Bb4 4. Qb3 c5 5. a3 Ba5 6. g3 Nc6 7. Bg2 O-O 8. O-O
d5 9. d3 d4 10. Na4 Nd7 11. Bd2 b6 12. Qc2 Bxd2 13. Qxd2 Bb7 14. b4 cxb4 15.
axb4 e5 16. Rfb1 Qc7 17. b5 Na5 18. Qb4 Rfc8 19. Bh3 Bxf3 20. exf3 Nb7 21. Ra3
Re8 22. Bxd7 Qxd7 23. c5 Nxc5 24. Nxc5 bxc5 25. Qxc5 Qb7 26. Kg2 Re6 27. Re1 f6
28. Qc4 Qf7 29. Rea1 Rb6 30. Rxa7 Rxa7 31. Rxa7 Qxc4 32. dxc4 h6 33. Kf1 Kh7 34.
Ra6 Rb8 35. b6 f5 36. c5 d3 37. Ke1 e4 38. fxe4 fxe4 39. c6 Rf8 40. b7 Rf5 41.
b8=Q Rc5 42. Qb4 Rc1+ 43. Kd2 Rc2+ 44. Kd1 e3 1-0

[Event "TCh-TUR 2nd League 2011"]
[Site "Konya TUR"]
[Date "2011.07.07"]
[Round "5"]
[White "Demiralp, Murat"]
[Black "Guner, Sati Emre"]
[Result "1/2-1/2"]
[WhiteElo "2097"]
[BlackElo "2105"]
[WhiteTeam "Erbakir Denizli"]
[BlackTeam "Azdur Ordu"]
[WhiteFideId "6301894"]
[BlackFideId "6304192"]
[EventDate "2011.07.04"]

1. d4 d5 2. Bf4 Nf6 3. e3 c5 4. Nf3 Nc6 5. c3 Qb6 6. Qb3 c4 7. Qc2 Bf5 8. Qc1
Nh5 9. Bg3 f6 10. Nbd2 O-O-O 11. e4 Nxg3 12. hxg3 Bxe4 13. Nxe4 dxe4 14. Nd2 e5
15. Nxc4 Qc7 16. d5 Rxd5 17. Qc2 f5 18. Ne3 Rc5 19. Nxf5 Nd4 20. Nxd4 exd4 21.
Qa4 Be7 22. Qxa7 Rxc3 23. Qa8+ Kd7 24. Qa4+ Kc8 25. Qa8+ Kd7 26. Qa4+ Kc8 1/2-1/2

[Event "TCh-TUR 2nd League 2011"]
[Site "Konya TUR"]
[Date "2011.07.07"]
[Round "5"]
[White "Tsereteli, Tamar"]
[Black "Gurcan, Aytolun"]
[Result "1-0"]
[WhiteTitle "WGM"]
[WhiteElo "2379"]
[BlackElo "1673"]
[WhiteTeam "Azdur Ordu"]
[BlackTeam "Erbakir Denizli"]
[WhiteFideId "13602470"]
[BlackFideId "6325688"]
[EventDate "2011.07.04"]

1. e4 c5 2. Nf3 Nc6 3. Bb5 g6 4. O-O Bg7 5. Bxc6 dxc6 6. h3 Nf6 7. d3 O-O 8. Nc3
b6 9. Bf4 Nd7 10. Qd2 e5 11. Bh6 Re8 12. Bxg7 Kxg7 13. Nh2 Nf8 14. f4 exf4 15.
Qxf4 Qe7 16. Rf2 Ne6 17. Qe5+ f6 18. Qg3 Nd4 19. Raf1 Rf8 20. Qh4 Bd7 21. Ng4
Bxg4 22. Qxg4 Rf7 23. Nd1 Qe6 24. Qh4 Raf8 25. a4 Qe5 26. c3 Ne6 27. Ne3 Qg5 28.
Qxg5 Nxg5 29. Nc4 Rd8 30. h4 Ne6 31. Ne5 Rff8 32. Ng4 h5 33. Nxf6 Rxd3 34. e5
Re3 35. Nd7 Rxf2 36. Rxf2 Re4 37. g3 Rxa4 38. Rf6 Nc7 39. Rxc6 Nd5 40. Rd6 Ne7
41. Nf6 Kf7 42. Kf2 Ra2 43. Ne4 Rxb2+ 44. Kf3 a5 45. e6+ Ke8 46. Nf6+ Kf8 47.
Rd8+ Kg7 48. Ne8+ Kf8 49. Nd6+ Kg7 50. Ne4 Nc6 51. Rd7+ Kf8 52. Kf4 Re2 53. Rf7+
Ke8 54. Nd6+ Kd8 55. Rd7# 1-0

[Event "TCh-TUR 2nd League 2011"]
[Site "Konya TUR"]
[Date "2011.07.07"]
[Round "5"]
[White "Ziaziulkina, Nastassia"]
[Black "Ikis, Melih Firat"]
[Result "1-0"]
[WhiteTitle "WIM"]
[WhiteElo "2291"]
[BlackElo "1866"]
[WhiteTeam "Erbakir Denizli"]
[BlackTeam "Azdur Ordu"]
[WhiteFideId "13505211"]
[BlackFideId "6327680"]
[EventDate "2011.07.04"]

1. e4 c5 2. Nf3 g6 3. d4 cxd4 4. Nxd4 Bg7 5. c4 Nf6 6. Nc3 d6 7. Be2 O-O 8. O-O
Nc6 9. Be3 Bd7 10. h3 Rc8 11. Qd2 Nxd4 12. Bxd4 Bc6 13. Qe3 b6 14. f4 Qc7 15. e5
dxe5 16. fxe5 Nd7 17. e6 Bxd4 18. exf7+ Rxf7 19. Qxd4 Qg3 20. Nd5 Bxd5 21. cxd5
Nf6 22. Bc4 Qd6 23. Bb3 Rff8 24. Rae1 Rfd8 25. Re5 Rd7 26. Rfe1 Kf8 27. Ba4 Rb7
28. b4 b5 29. Re6 Qd8 30. d6 Ng8 31. Bb3 exd6 32. Rf1+ 1-0

[Event "TCh-TUR 2nd League 2011"]
[Site "Konya TUR"]
[Date "2011.07.07"]
[Round "5"]
[White "Gundogan, Cem"]
[Black "Savran, Suleyman"]
[Result "0-1"]
[WhiteElo "1823"]
[BlackElo "1874"]
[WhiteTeam "Azdur Ordu"]
[BlackTeam "Erbakir Denizli"]
[WhiteFideId "6311032"]
[BlackFideId "6313132"]
[EventDate "2011.07.04"]

1. e4 c6 2. d4 d5 3. exd5 cxd5 4. Bd3 Nc6 5. c3 Nf6 6. Bf4 Bg4 7. Qb3 Qd7 8. Nd2
e6 9. Ngf3 a6 10. O-O Be7 11. Ne5 Nxe5 12. dxe5 Ng8 13. c4 g5 14. Bg3 Nh6 15.
cxd5 Qxd5 16. Qxd5 exd5 17. Rac1 Rc8 18. f3 Be6 19. Rxc8+ Bxc8 20. Rc1 O-O 21.
Nb3 Re8 22. Nd4 b6 23. Nb3 d4 24. Rc6 Be6 25. Rxb6 Nf5 26. Bxa6 Ra8 27. Bd3 Rxa2
28. Nd2 Ra1+ 29. Kf2 h5 30. Ke2 Rg1 31. Kf2 Rh1 32. Ke2 h4 33. Bf2 Rxh2 34. Bxf5
Bxf5 35. Kf1 Rh1+ 36. Bg1 d3 37. b4 g4 38. fxg4 Bxg4 39. Ne4 Be2+ 40. Kf2 h3 41.
Nf6+ Bxf6 42. Rxf6 h2 43. Bxh2 Rxh2 44. e6 fxe6 45. Rxe6 Rh1 46. Rd6 Rb1 47. Rd4
Kf7 48. Ke3 Kf6 49. g3 Rg1 50. g4 Rg3+ 51. Kd2 Ke5 52. Rc4 Bxg4 53. Kc3 Be2 54.
Rc5+ Kd6 55. Rc8 Rg1 56. Rd8+ Ke5 57. Re8+ Kf4 58. Rf8+ Ke3 59. Re8+ Kf2 60. b5
Rc1+ 61. Kb2 Rc5 62. b6 Rb5+ 63. Kc1 Rxb6 64. Kd2 Rb2+ 65. Kc1 Rc2+ 66. Kb1 Rc7
67. Rd8 Ke1 68. Rh8 d2 69. Rh1+ Bf1 0-1

[Event "TCh-TUR 2nd League 2011"]
[Site "Konya TUR"]
[Date "2011.07.07"]
[Round "5"]
[White "Cemhan, Kardelen"]
[Black "Kahya, Gizem"]
[Result "1/2-1/2"]
[WhiteElo "1815"]
[BlackElo "1662"]
[WhiteTeam "Erbakir Denizli"]
[BlackTeam "Azdur Ordu"]
[WhiteFideId "6325670"]
[BlackFideId "6336124"]
[EventDate "2011.07.04"]

1. e4 e5 2. Nf3 Nc6 3. Bc4 Be7 4. c3 Nf6 5. d3 d6 6. O-O O-O 7. Bb3 h6 8. Re1
Nh7 9. Nbd2 Kh8 10. Nf1 f5 11. exf5 Bxf5 12. Ne3 Bd7 13. d4 exd4 14. Nxd4 Nxd4
15. Qxd4 Bf6 16. Qd3 Re8 17. Bd2 Bc6 18. Ng4 Bd7 19. Bc2 Nf8 20. Rxe8 Bxe8 21.
Qf3 Bc6 22. Qd3 Be8 23. Nxf6 Qxf6 24. Qf5 Qxf5 25. Bxf5 Bg6 26. Bxg6 Nxg6 27.
Re1 Kg8 28. c4 Kf7 29. Bc3 Nf8 30. f4 g6 31. Kf2 Re8 32. Rxe8 Kxe8 33. Ke3 Ne6
34. b4 Kf7 35. Ke4 Nd8 36. g4 Nc6 37. f5 g5 38. a3 Nb8 39. Bd4 a6 40. h3 Nd7 41.
Kd5 Nb8 42. c5 dxc5 43. Kxc5 Nd7+ 44. Kd5 Nf6+ 45. Bxf6 Kxf6 46. a4 Kf7 47. Ke4
Kf6 48. Kd5 Kf7 49. Ke5 Ke7 50. b5 axb5 51. axb5 c6 52. bxc6 bxc6 53. Kd4 Kd6
54. Kc4 c5 55. Kc3 Kd5 56. Kd3 Ke5 57. Kc3 Kd5 58. Kd2 Kd6 59. Ke2 Ke5 60. Kd2
Kd6 61. Kd3 Kd5 62. Kc3 Ke5 63. Kc4 Kd6 64. f6 Ke6 65. Kxc5 Kxf6 66. Kd6 Kf7 67.
Ke5 Ke7 68. Kf5 Kf7 69. Ke4 1/2-1/2

[Event "TCh-TUR 2nd League 2011"]
[Site "Konya TUR"]
[Date "2011.07.07"]
[Round "5"]
[White "Tatlisumak, Ertugrul"]
[Black "Firat, Burak"]
[Result "0-1"]
[BlackTitle "IM"]
[WhiteElo "2174"]
[BlackElo "2373"]
[WhiteTeam "Manisa Satranc Ihtisas"]
[BlackTeam "Antalya Calli Antalya"]
[WhiteFideId "6300820"]
[BlackFideId "6305881"]
[EventDate "2011.07.04"]

1. d4 d5 2. c4 c6 3. cxd5 cxd5 4. Nc3 Nf6 5. Nf3 Nc6 6. g3 Bf5 7. Qb3 Na5 8.
Qa4+ Bd7 9. Qc2 e6 10. Bg2 Rc8 11. O-O Be7 12. Ne5 Bb5 13. Qd1 Qb6 14. Bg5 h6
15. Bxf6 Bxf6 16. Nf3 Bc6 17. Rb1 O-O 18. b4 Nc4 19. a4 Bd7 20. a5 Qc7 21. Rb3
Nd6 22. Qd3 Qc4 23. Qxc4 Rxc4 24. e3 Rfc8 25. Ne5 Bxe5 26. dxe5 Nf5 27. Nxd5
exd5 28. Bxd5 R4c7 29. Rb2 Ne7 30. e4 Be6 31. Rd2 Rd8 32. f4 Rcd7 33. Rfd1 Nxd5
34. exd5 Rxd5 35. Rxd5 Rxd5 36. Rxd5 Bxd5 37. Kf2 Kf8 38. Ke3 Ke7 39. Kd4 Be6
40. Kc5 Kd7 41. b5 Kc7 42. b6+ axb6+ 43. axb6+ Kd7 44. Kb5 h5 45. Kc5 g6 46. Kb5
Bh3 47. Kc5 Ke6 48. Kd4 Kf5 49. Kd5 Bf1 50. Kd6 Kg4 51. e6 fxe6 52. Kxe6 Bd3 0-1

[Event "TCh-TUR 2nd League 2011"]
[Site "Konya TUR"]
[Date "2011.07.07"]
[Round "5"]
[White "Laciner, Kerem"]
[Black "Akcan, Umit"]
[Result "1/2-1/2"]
[WhiteTitle "FM"]
[WhiteElo "2307"]
[BlackElo "2142"]
[WhiteTeam "Antalya Calli Antalya"]
[BlackTeam "Manisa Satranc Ihtisas"]
[WhiteFideId "6301550"]
[BlackFideId "6301371"]
[EventDate "2011.07.04"]

1. d4 d5 2. c4 e6 3. Nc3 Nf6 4. cxd5 exd5 5. Bg5 Nbd7 6. e3 Be7 7. Bd3 O-O 8.
Qc2 Re8 9. Nf3 Nf8 10. h3 c6 11. O-O Ne4 12. Bf4 Nxc3 13. bxc3 c5 14. Rab1 c4
15. Bf5 g6 16. Bxc8 Qxc8 17. Rb5 Qd7 18. Rfb1 b6 19. a4 f6 20. e4 dxe4 21. Qxe4
a6 22. Qd5+ Qe6 23. Re1 Qxd5 24. Rxd5 Red8 25. Rxd8 Bxd8 26. Rb1 Ne6 27. Bg3 b5
28. axb5 axb5 29. Rxb5 Ba5 30. d5 Nf8 31. Nd2 Bxc3 32. Nxc4 Ra4 33. Rc5 Ra1+ 34.
Kh2 Rd1 35. Rb5 Nd7 36. Ne3 Rd3 37. Bd6 Be1 38. Kg1 Rd2 39. Bg3 Rd3 40. Ng4 h5
41. Rb7 hxg4 42. Rxd7 gxh3 43. gxh3 g5 44. h4 gxh4 45. Bxh4 Bc3 46. Bg3 Be5 47.
Bxe5 fxe5 48. Kf1 Kf8 49. Ke2 Rd4 50. Ke3 Ke8 51. Rd6 Kf7 52. f3 Kf8 53. Re6
Rxd5 54. Ke4 Ra5 55. Rxe5 Ra4+ 56. Kf5 Kf7 57. Rb5 Ra7 58. f4 Rc7 59. Kg5 Ra7
60. f5 Ra6 61. Rb7+ Kf8 62. Rc7 Rb6 63. Rh7 Ra6 64. Rh1 Rb6 65. Re1 Ra6 66. Re2
Rb6 67. Re4 Ra6 68. f6 Ra1 69. Kf5 Kf7 70. Re7+ Kf8 71. Re5 Kf7 72. Re7+ Kf8 73.
Ke4 1/2-1/2

[Event "TCh-TUR 2nd League 2011"]
[Site "Konya TUR"]
[Date "2011.07.07"]
[Round "5"]
[White "Donmez, Yusuf"]
[Black "Tunur, Mustafa Namik"]
[Result "1/2-1/2"]
[WhiteElo "2125"]
[BlackElo "2084"]
[WhiteTeam "Manisa Satranc Ihtisas"]
[BlackTeam "Antalya Calli Antalya"]
[WhiteFideId "6301967"]
[BlackFideId "6301835"]
[EventDate "2011.07.04"]

1. d4 d5 2. Nf3 Nf6 3. c3 c6 4. Bf4 Bf5 5. Qb3 Qb6 6. Nbd2 Nbd7 7. e3 e6 8. h3
Ne4 9. Nxe4 Bxe4 10. Nd2 Bg6 11. a4 a5 12. Qxb6 Nxb6 13. Bc7 Nc8 14. Nb3 Kd7 15.
Bg3 b6 16. Kd2 Nd6 17. Bxd6 Bxd6 18. Bd3 f5 19. f4 h5 20. h4 Be8 21. Ke2 Ke7 22.
Rhc1 Bd7 23. c4 Rhb8 24. cxd5 cxd5 25. Bb5 Bxb5+ 26. axb5 a4 27. Nd2 Ra5 28. b4
Ra7 29. Nf3 a3 30. Kd3 a2 31. Ne5 Bxe5 32. fxe5 Ra3+ 33. Kc2 Rc8+ 34. Kb2 Rxc1
35. Rxc1 a1=Q+ 1/2-1/2

[Event "TCh-TUR 2nd League 2011"]
[Site "Konya TUR"]
[Date "2011.07.07"]
[Round "5"]
[White "Yildiz, Betul Cemre"]
[Black "Charkhalashvili, Inga"]
[Result "1/2-1/2"]
[WhiteTitle "WIM"]
[BlackTitle "WGM"]
[WhiteElo "2282"]
[BlackElo "2355"]
[WhiteTeam "Antalya Calli Antalya"]
[BlackTeam "Manisa Satranc Ihtisas"]
[WhiteFideId "6302920"]
[BlackFideId "13601431"]
[EventDate "2011.07.04"]

1. e4 c6 2. d4 d5 3. Nd2 dxe4 4. Nxe4 Nd7 5. Bc4 e6 6. Nf3 Ngf6 7. Nxf6+ Nxf6 8.
O-O Bd6 9. Qe2 O-O 10. Bg5 Qc7 11. Rad1 Nd5 12. c3 b6 13. Bd3 h6 14. Bc1 Nf6 15.
Rfe1 Bb7 16. Ne5 c5 17. dxc5 Bxc5 18. Ng4 Nxg4 19. Qxg4 f5 20. Qe2 Rf6 21. Be3
Bd6 22. Qh5 Raf8 23. f3 Kh7 24. Bc2 Rg6 25. Rd2 Bc6 26. Kh1 Qe7 27. Bf2 Be8 28.
Qh4 Qc7 29. Rde2 Rg5 30. h3 Bf7 31. Qa4 Kh8 32. Bb3 e5 33. Bxf7 Qxf7 34. Rd1 Qc7
35. Red2 Rg6 36. Rd5 Re6 37. Bg3 f4 38. Bh2 e4 39. fxe4 Qe7 40. Qc2 Bb8 41. Rd7
Qh4 42. Rf1 Rfe8 43. Rd4 Be5 44. Ra4 Bb8 45. Qe2 Rf8 46. Qf3 Qe7 47. Rd1 Re8 48.
Re1 Be5 49. Rd1 b5 50. Rb4 a6 51. a4 Bd6 52. Rbd4 Be5 53. Rd7 Qf8 54. axb5 axb5
55. Rb7 Bd6 56. Rb6 Bc7 57. Rxe6 Rxe6 58. Rd5 Qe7 59. Bxf4 Rxe4 60. Bxc7 Re1+
61. Kh2 Qxc7+ 62. g3 Qe7 63. Rd2 Re3 64. Qa8+ Kh7 65. Qd5 Qc7 66. Qf5+ Kg8 67.
Qg4 Qe5 68. Rf2 Kh7 69. h4 Re4 70. Qh3 Re1 71. h5 Qd5 72. Rg2 Re5 73. g4 Qe4 74.
Qg3 Rd5 75. Qf2 Kg8 76. Qe2 Qf4+ 77. Kh1 Re5 78. Qf2 Qg5 79. Kh2 Re4 80. Qf3 Re3
81. Qf2 Qe5+ 82. Kh1 Re1+ 83. Rg1 Qe4+ 84. Qg2 1/2-1/2

[Event "TCh-TUR 2nd League 2011"]
[Site "Konya TUR"]
[Date "2011.07.07"]
[Round "5"]
[White "Aydogdu, Ataman"]
[Black "Rasulov, Vugar Ural oglu"]
[Result "0-1"]
[BlackTitle "GM"]
[WhiteElo "2073"]
[BlackElo "2522"]
[WhiteTeam "Manisa Satranc Ihtisas"]
[BlackTeam "Antalya Calli Antalya"]
[WhiteFideId "6303056"]
[BlackFideId "13402390"]
[EventDate "2011.07.04"]

1. d4 Nf6 2. Nf3 g6 3. c4 Bg7 4. Nc3 d5 5. g3 O-O 6. Bg2 Nc6 7. Ne5 Be6 8. Nxc6
bxc6 9. c5 Qd7 10. O-O Bh3 11. Qa4 Rfe8 12. Bf4 Bxg2 13. Kxg2 Nh5 14. Bd2 e5 15.
dxe5 Bxe5 16. e3 Bg7 17. Rfd1 Nf6 18. Be1 Qe6 19. Qf4 Re7 20. Rac1 h5 21. Ne2
Ne4 22. Nd4 Qd7 23. h4 Nf6 24. b4 a6 25. a4 Ng4 26. Qf3 f5 27. b5 axb5 28. axb5
Bxd4 29. bxc6 Qxc6 30. Rxd4 Ra2 31. Kg1 Nf6 32. Qd1 Re8 33. Bc3 Ne4 34. Be1 Rd8
35. Rxe4 fxe4 36. Qd4 Ra4 37. Qe5 Re8 38. Qg5 Qe6 39. Bc3 Qf7 40. Qh6 Qh7 41.
Qg5 Rc4 42. Qxd5+ Qf7 43. Qd2 Kh7 44. Bd4 Rxc1+ 45. Qxc1 Qa2 46. Qf1 Rf8 47. Be5
c6 48. Bf4 Rf7 49. Qd1 Qe6 50. Qb1 Qd5 51. Qc2 Rf5 52. Bd6 Qd3 53. Qa4 Rf7 54.
Qd4 Qxd4 55. exd4 Rf3 56. Bf4 Rd3 57. Be3 Kg7 58. Kg2 Kf6 59. Kf1 Kf5 60. Ke2
Kg4 61. Kf1 Rb3 62. Ke2 Kf5 63. Bf4 Rd3 64. Be3 Ke6 65. f3 Kf5 66. fxe4+ Kxe4
67. Bf2 Ra3 0-1

[Event "TCh-TUR 2nd League 2011"]
[Site "Konya TUR"]
[Date "2011.07.07"]
[Round "5"]
[White "Tekeli, Taylan Can"]
[Black "Akdagli, Gokhan"]
[Result "1-0"]
[WhiteElo "1901"]
[BlackElo "1827"]
[WhiteTeam "Antalya Calli Antalya"]
[BlackTeam "Manisa Satranc Ihtisas"]
[WhiteFideId "6313191"]
[BlackFideId "6308910"]
[EventDate "2011.07.04"]

1. d4 d5 2. Nf3 Nf6 3. g3 c6 4. Bg2 Bg4 5. Ne5 Bf5 6. O-O e6 7. c4 Nbd7 8. Qb3
Qb6 9. Nxd7 Nxd7 10. Nd2 Nf6 11. Re1 Qxb3 12. axb3 Bb4 13. f3 Bc2 14. cxd5 cxd5
15. Kf2 Bxd2 16. Bxd2 Bxb3 17. Bb4 Kd7 18. Ra3 Bc4 19. e4 Rhc8 20. e5 Ne8 21. f4
Nc7 22. g4 Nb5 23. Rh3 Nxd4 24. Bc3 Nb3 25. Rxh7 Rg8 26. f5 Bd3 27. Rh3 Ba6 28.
Bb4 Nd4 29. Rd1 Nc6 30. Bd6 Rh8 31. fxe6+ fxe6 32. Rf3 Ne7 33. Rc1 Rac8 34. Rxc8
Nxc8 35. Rf7+ Kc6 36. Rc7+ Kb6 37. Rxg7 Nxd6 38. exd6 Rd8 39. h4 Rxd6 40. h5 d4
41. h6 Bd3 42. h7 Bxh7 43. Rxb7+ Kc5 44. Rxh7 d3 45. Rh1 Kd4 46. Re1 Kc4 47. Rd1
e5 48. Ke3 Rd4 49. Be4 Rd6 50. g5 Rd7 51. g6 Rg7 52. Rxd3 a5 53. Rc3+ Kb4 54.
Rc6 Kb3 55. Rb6+ Ka2 56. Bd5+ Kb1 57. Bf7 a4 58. Ke4 Kc2 59. Kxe5 Kc1 60. Ke4 1-0

[Event "TCh-TUR 2nd League 2011"]
[Site "Konya TUR"]
[Date "2011.07.07"]
[Round "5"]
[White "Lenic, Luka"]
[Black "Asaturoglu, Rupen"]
[Result "1-0"]
[WhiteTitle "GM"]
[WhiteElo "2634"]
[BlackElo "2223"]
[WhiteTeam "Beyaz Kale Hatay"]
[BlackTeam "Sisli Istanbul"]
[WhiteFideId "14603853"]
[BlackFideId "6300154"]
[EventDate "2011.07.04"]

1. d4 Nf6 2. c4 g6 3. Nc3 d5 4. Nf3 Bg7 5. Bg5 Ne4 6. cxd5 Nxg5 7. Nxg5 e6 8.
Qd2 exd5 9. Qe3+ Kf8 10. Qf4 Bf6 11. h4 h6 12. Nf3 Be6 13. O-O-O c6 14. e3 Nd7
15. Bd3 Qb8 16. Qxb8+ Rxb8 17. h5 g5 18. Ne2 Nb6 19. Nd2 Be7 20. Rdf1 Kg7 21. f4
f6 22. Ng3 Rhf8 23. Bf5 Bg8 24. Rf3 Bb4 25. b3 Nc8 26. Ndf1 Rd8 27. Nh2 Bf8 28.
Ng4 Nd6 29. Rhf1 Be7 30. fxg5 fxg5 31. Ne5 Ra8 32. Ng6 Bf8 33. Bd3 Re8 34. Rf6
Ne4 35. Nxe4 Ba3+ 36. Kc2 dxe4 37. Bc4 1-0

[Event "TCh-TUR 2nd League 2011"]
[Site "Konya TUR"]
[Date "2011.07.07"]
[Round "5"]
[White "Garabetyan, Arno"]
[Black "Tuncer, Ufuk"]
[Result "1/2-1/2"]
[BlackTitle "FM"]
[WhiteElo "2066"]
[BlackElo "2303"]
[WhiteTeam "Sisli Istanbul"]
[BlackTeam "Beyaz Kale Hatay"]
[WhiteFideId "6301487"]
[BlackFideId "6300847"]
[EventDate "2011.07.04"]

1. d4 Nf6 2. c4 g6 3. Nc3 Bg7 4. e4 d6 5. Nf3 O-O 6. Be2 e5 7. O-O Nc6 8. d5 Ne7
9. Kh1 Ne8 10. Ne1 f5 11. exf5 Nxf5 12. Bd3 Kh8 13. Ne4 Bh6 14. Nf3 Bxc1 15.
Rxc1 Nf6 16. Nxf6 Qxf6 17. Be4 b6 18. Qd3 Ng7 19. Nd2 a5 20. b3 Nh5 21. g3 Bh3
22. Bg2 Bxg2+ 23. Kxg2 Qg5 24. Qe3 Qg4 25. f3 Qd7 26. Ne4 Rae8 27. Rce1 Kg8 28.
Ng5 Ng7 29. Qe4 h6 30. Nh3 Nf5 31. Qg4 Kh7 32. Kg1 Rf7 33. Kg2 Ref8 34. Rf2 Kg7
35. Qe4 Kh7 36. f4 Nh4+ 37. gxh4 Qg4+ 38. Kh1 Qxh3 39. Rg2 Rg8 40. fxe5 dxe5 41.
Qxe5 Qxh4 42. Qg3 Qxg3 43. Rxg3 Rgg7 44. Kg2 Rf4 45. Re6 Rd4 46. Rf3 a4 47. Rc6
axb3 48. axb3 b5 49. Kf2 bxc4 50. bxc4 Rh4 51. h3 1/2-1/2